Statistiques concernant Coupes du Monde de Football: Afrique du Sud

Cliquez ici pour prendre le quiz!

Statistiques générales

  • Ce quiz a été pris 143 fois
  • Le résultat moyen est 6 sur 8

Statistiques - réponses

Réponse% Correct
France
99%
Mexique
83%
Uruguay
83%
Espagne
75%
Danemark
74%
Arabie Saoudite
69%
Paraguay
54%
Slovénie
31%

Distribution des résultats

Percentile par nombre de réponses

% des personnes avec chaque résultat

Votre développement - résultats

Vous n’avez pas pris ce quiz